| 000 | 00695nam a2200217Ia 4500 | ||
|---|---|---|---|
| 005 | 20241129105807.0 | ||
| 008 | 241129s9999||||xx |||||||||||||| ||und|| | ||
| 020 | _a978-81-316-1230-9 | ||
| 037 | _aTB | ||
| 040 |
_aARTS _beng _cARTS |
||
| 041 |
_aeng _2eng |
||
| 084 |
_aO111:g(Y5927) R2 _qARTS |
||
| 100 |
_aGupta Santosh Ed.; Chakrabarty Bandana Ed. _9724757 |
||
| 245 | 0 |
_aDalit writings: emerging perspectives _cGupta Santosh Ed.; Chakrabarty Bandana Ed. |
|
| 260 |
_aJaipur, India _bRawat Publications _c2022 |
||
| 300 | _ax,226p. | ||
| 365 |
_aINR _b1095 |
||
| 650 |
_aEnglish LitertureSociology _9726386 |
||
| 942 |
_cTB _hO111:g(Y5927) R2 |
||
| 999 |
_c1225966 _d1225966 |
||